Statystyki dla ZWIERZĘTA na literę U

Kliknij tutaj aby rozwiązać quiz!

Ogólne statystyki

  • Ten quiz został rozwiązany 54 razy
  • Średni wynik to 3 z 7

Statystyki odpowiedzi

Odpowiedź% Poprawnych
Ukwiał koński
84%
Uchatka patagońska
73%
Ukleja pospolita
55%
Uszatka zwyczajna
50%
Urson amerykański
23%
Uhla zwyczajna
11%
Uistiti białoucha
7%

Rozkład punktacji

Percentyl według liczby udzielonych odpowiedzi

Procent ludzi z każdym wynikiem

Twoja historia wyników

Nie rozwiązałeś tego quizu